MDQL
is popping MORE tags! Check the
thread
!
Quizzes
Events
Quiz Creation
Community
Videos
Private Events
Remove Ads
Sign In
Join for FREE
Feedback
Dark Mode
Quiz Categories
Sports
Geography
Music
Movies
Television
Just For Fun
Miscellaneous
History
Literature
Language
Science
Gaming
Entertainment
Religion
Holiday
For Kids
Quiz Lab
Recent
Popular Today
Quiz Kudos Today
Editor Picks
Curator Picks
Quizzes by...
Day
Popularity
Type
Ratings
Length
Year
Community
Subscriptions
Recent Discussions
Orange Saloon
Badges
Playlists
Quests
Create
Leaderboards
Showdown
Live 5
Trivia Bingo
Activity
Puzzle Library
Sporcle Events
Private Events
Virtual Trivia
Globe League
Become a Host
Pub Owners
SporcleCon
Opinionation
Our Games
Videos
Blog
Mobile Apps
Partnerships
Remove Ads and Go Orange
Feedback
Science
Computer
Plants
Astronomy
Chemistry
Elements
Math
Animal
Physics
Anatomy
Biology
Geology
General Science
Science
Computer
Plants
Astronomy
Chemistry
Elements
Math
Animal
Physics
Anatomy
Biology
Geology
General Science
Random Quiz
Search Sporcle
×
Quiz Lab
Quiz Lab
Science
Drug
Type in answers that appear in a list
Type in answers that appear in a list
Classic
Best Score? Go Orange.
Antihypertensive mechanisms Stats
Can you name the antihypertensive mechanisms?
By
Blink182
10m
11 Questions
13 Plays
13 Plays
13 Plays
Comments
Comments
Give Quiz Kudos
Give Quiz Kudos
-
- Ratings
hide this ad
Forced Order
Answers have to be entered in order
Answers have to be entered in order
Replay
Link that replays current quiz
Next Quiz
Link to next quiz in quiz playlist
You Got
0%
They Got
Avg Score
72%
Avg Friend Score
Upgrade to see
Score Distribution
Jump to the score distribution portion of the page
Score
0/11
Timer
10:00
0
Plays Today
Site of Drug Action
Representative Drug
% Correct
Brainstem
Clonidine
92.3%
Cardiac Beta 1 receptors
Propranolol
84.6%
Angiotensin-
converting enzyme
Captopril
84.6%
Vascular alpha receptors
Prazosin
76.9%
Angiotensin II receptors
Losartan
76.9%
Renal tubules
Chlorothiazide
69.2%
Beta 1 receptors on JG cells
Propranolol
69.2%
Sympathetic Ganglia
Mecamylamine
61.5%
Adrenergic nerve terminals
Guanethidine
61.5%
Vascular smooth muscles
Hydralazine
61.5%
Aldosterone receptors
Eplernone
53.8%
Quiz Playlist
Details
Report
Send in Message
Add To Playlist
Classic:
Type in answers that appear in a list
Forced Order:
Answers have to be entered in order
Last Updated: Feb 16, 2017
Quiz Scoreboard
CHALLENGE
Sign Up to Join the Scoreboard
Show All
Scores
Hide
Comments
May contain spoilers
Recently Published
1-10 Letter E Words III
by El_Dandy
Language
2m
Street Fighter Characters
by Artimus82
Gaming
60s
College Basketball Coaching Resumes
by pancakes188
Sports
9m
More to Explore
Quiz From the Vault
Featured Blog Post
Where Did the Easter Bunny Come From?
hide this ad
You Might Also Like...
Tags
Action
Drug
effect
mechanism
Representative
site
Today's Top Quizzes in Science
Browse Science
hide this ad
Today's Top Quizzes in Drug
Browse Drug
Top Contributed Quizzes in Science
1
Quick Pick: Radians
2
The First 100 Digits of Pi
3
Quick Pick: 'CI-CJ' Animals
4
Elements In Images
5
perfect squares 1-25
6
One Thing in Common: Science
7
One Thing in Common: Science II
8
One Thing in Common: Animals
9
One Thing in Common: Science III
10
Order Up: Organs and Body Systems
Explore More
Trending Topics
Harry Potter
NBA
Kpop
Disney
Marvel
Anime
Crossword
Puzzle
Soccer
The Office
NFL
Country
Pokémon
Song
WWE
hide this ad
More By:
Blink182
Quiz
Plays
Rating
Category
Featured
Created
Most Popular NHL Jerseys 2009
3,322
4.25
Sports
Oct 5, 2009
Blink 182 Albums
2,139
2.50
Music
Sep 23, 2009
MLB Regular Season Stat Leaders 2009
394
4.00
Sports
Oct 4, 2009
MLB Opening Day Closers 2009
392
3.67
Sports
Oct 4, 2009
Origins/Insertions/Actions of Muscles
338
Science
Oct 8, 2009
Go to Creator's Profile
Score Distribution
Quiz Creator Spotlight
Blink182
Follow
Send a Message
Quizzes Created
-
Created Quiz Play Count
-
More By This Creator
Popular Quizzes Today
1
Find the US States - No Outlines Minefield
2
Find the Countries of Europe - No Outlines Minefield
3
The Countries of the World
4
Find the US States
5
Risky Map Clicking: Biggest States A-Z
6
US States
7
Popular People in 1961
8
Movies - When Are They Set?
More Science Quizzes
Badly Sculpted Animals - Vertebrates
Published
Trending Quizzes
Risky Map Clicking: Least Populous States A-Z
1-10 Letter G Words
1-10 Letter F Words
Countries of the World: 200 Million BC
Risky Map Clicking: Next State Alphabetically
Recently Updated
Most Oscar Losses (Acting)
pecheneg
Beyoncé Albums
pecheneg
Leaping Animals
pecheneg
Reality TV Shows (A-Z)
bhenderson79
Rickey Henderson's Hall of Fame Teammates
pecheneg
Champions League XIs: Arsenal
pecheneg
Quick Pick: Celebrities in WWE's Hall of Fame
aduchscher
A-Z Keypad Blitz II
pecheneg
Multiple Oscar Actors
pecheneg
Mystery Phrase Blitz: Oscar 'Best Actors'
pecheneg
Trending Topics
Anime
Marvel
Harry Potter
Crossword
NBA
Kpop
Disney
The Office
WWE
Country
NFL
Soccer
Song
Puzzle
Pokémon
Your Account Isn't Verified!
In order to create a playlist on Sporcle, you need to verify the email address you used during registration. Go to your
Sporcle Settings
to finish the process.
Report this User
Report this user for behavior that violates our
Community Guidelines
.
Details:
Send Report
Go to the Sporcle.com Mobile Site →
Comments